000
00289nam a22001337a 4500
008
170829b xxu||||| |||| 00| 0 eng d
020
_a
9780838934357
041
_a
eng
080
_a
070
100
_a
39
101
_a
MED
245
_a
POWER TEACHING
_c
VANDERGRIFT,K.E
942
_2
udc
_c
BK
999
_c
25397
_d
25397